000 01286cam a22002651i 4500
003 OSt
005 20250717085147.0
008 250716s1998 su g 00010 ara c
040 _aSA-JeALM
_bara
_cSA-RiAUC
_erda
082 0 4 _a215.1
_qSA-RiAUC
090 _a215.1
_bم ي م
100 1 _aالميموني، إبراهيم بن محمد بن عيسى،
_d991-1079 هجري
_eمؤلف.
245 1 0 _aتهنئة أهل الإسلام بتجديد بيت الله الحرام /
_cتأليف إبراهيم بن محمد بن عيسى الميموني ؛ تم التحقيق والإعداد بمركز البحوث والدراسات بمكتبة نزار مصطفى الباز.
250 _aالطبعة الأولى.
264 1 _aمكة المكرمة :
_bمكتبة نزار مصطفى الباز،
_c1998
300 _a354 صفحة ؛
_c24 سم.
336 _aنص
_btxt
_2rdacontent
_3كتاب
337 _aبدون وسيط
_bn
_2rdamedia
338 _aمجلد
_bnc
_2rdacarrier
650 7 _aالكعبة
_2aucsh
650 7 _aالحجر الأسعد
_2aucsh
710 2 _aمكتبة نزار مصطفى الباز (الرياض، السعودية).
_bمركز البحوث والدراسات
_eمحقق.
942 _2ddc
_cBOOK
_n0
949 _aSA-JeALM
_d250716
_uosman123
_n1
999 _c10011
_d10011